000 00781nam a2200169 a 4500
008 120416s1980 ||||||||||||||||| || u
050 _aNA 954 Bal
100 _aBall, Victoria Kloss
245 1 0 _aArchitecture and interior design
246 _aa basic history through the seventeenth century
260 _aNew York
_bJohn Wiley and Sons
_c[1980]
300 _axiii, 448p. : ill.
350 _a0.00
650 _aARCHITECTURAL DESIGN--EVALUATION
995 _aMAIN LIBRARY OPEN ACCESS
_D0.00
_e704195
_FCBU-MAIN LIBRARY (Kitwe)
_H1
_I0.00
_jNA 954 Bal
_M1
_UAVAILABLE
_WSep 20, 2006
_y010254
_ZMain Library Open Access Collection
995 _aBINDERY (DAMAGED)
_D0.00
_e704196
_FCBU-MAIN LIBRARY (Kitwe)
_H1
_I0.00
_jNA 954 Bal
_UDAMAGED
_WJun 3, 2009
_y704196
_ZMain Library Open Access Collection
999 _c84345
_d84345